[Event "HUN-ch U14"]
[Site "Balatonlelle"]
[Date "2019.06.21"]
[Round "1"]
[White "Kozsik, Bende Barnabas"]
[Black "Szoke, Kristof"]
[Result "1-0"]
[WhiteElo "2089"]
[BlackElo "1583"]
[PlyCount "55"]
[EventDate "2019.06.21"]
[EventType "swiss"]
[EventRounds "9"]
[EventCountry "HUN"]
[SourceTitle "CBM 191 Extra"]
[Source "ChessBase"]
[SourceDate "2019.09.30"]
[SourceVersion "1"]
[SourceVersionDate "2019.09.30"]
[SourceQuality "1"]

1. e4 e5 2. Bc4 Nf6 3. d3 Nc6 4. Nc3 Bc5 5. Bg5 h6 6. Bh4 d6 7. h3 Be6 8. Bb3 Nd4 9. Nge2 0-0 10. Bg3 Bxb3 11. axb3 Nh5 12. 0-0 Qg5 13. Kh2 Nxg3 14. Nxg3 f5 15. exf5 Nxf5 16. Nge4 Qg6 17. Nxc5 Nh4 18. Qg4 Qxg4 19. hxg4 dxc5 20. Ne4 b6 21. Ra6 Rf7 22. Rfa1 c6 23. Rxb6 axb6 24. Rxa8+ Kh7 25. Rc8 b5 26. Rxc6 c4 27. bxc4 bxc4 28. Rxc4 1-0

[Event "HUN-chT2 Szechenyi 1617"]
[Site "Hungary"]
[Date "2017.04.09"]
[Round "11.9"]
[White "Szoke, Kristof"]
[Black "Horvath, Laszlo3333"]
[Result "0-1"]
[WhiteElo "1324"]
[BlackElo "1962"]
[PlyCount "86"]
[EventDate "2016.09.25"]
[EventType "team-tourn"]
[EventRounds "11"]
[EventCountry "HUN"]
[SourceTitle "EXT 2021"]
[Source "ChessBase"]
[SourceDate "2020.10.23"]
[SourceVersion "1"]
[SourceVersionDate "2020.10.23"]
[SourceQuality "1"]
[WhiteTeam "Tapolca VSE II"]
[BlackTeam "Gyor Szechenyi"]
[WhiteTeamCountry "HUN"]
[BlackTeamCountry "HUN"]

1. e4 Nf6 2. Nc3 e5 3. Nf3 Nc6 4. Bc4 Bb4 5. 0-0 0-0 6. d3 h6 7. Bd2 d6 8. h3 a6 9. a3 Ba5 10. Qe2 Bb6 11. Be3 Nd4 12. Bxd4 exd4 13. Nd5 Ba7 14. Rad1 c6 15. Nxf6+ Qxf6 16. Nd2 Bd7 17. Qf3 Qe7 18. Rfe1 Rae8 19. Qg3 Bb8 20. Qf3 Qe5 21. Qg3 Qxg3 22. fxg3 d5 23. exd5 Bxg3 24. Re4 c5 25. Nf1 Rxe4 26. dxe4 Be5 27. b3 b5 28. Be2 Rc8 29. Nd2 Bf4 30. Kf1 f5 31. Bd3 Rf8 32. Ke2 Re8 33. Kf3 Be3 34. exf5 Re5 35. g4 Rxd5 36. Ke4 Bc6 37. Kf3 Rxf5+ 38. Ke2 Rf2+ 39. Ke1 Bg2 40. h4 Bh3 41. Bf5 Kf8 42. Bc8 h5 43. Bxa6 Bxg4 0-1